000 00499nam a2200193 a 4500
001 1769935627316
003 YourLibrary
005 20260201143128.0
008 260201s1999##################000#0#eng##
020 _a9780520204850
082 0 4 _a331.892
_bDUU
100 1 _aDuus, Masayo,
_eauthor.
245 1 0 _aThe Japanese Conspiracy :
260 _bUniv of California Press,
_c1999.
300 _a399 pages
650 0 _aHistory.
942 _cENGLISH
040 _aYourLibrary
_beng
_cYourLibrary
999 _c609662
_d609662